The wrong horse : the politics of intervention and the failure of American diplomacy
Αποθηκεύτηκε σε:
| Κύριος συγγραφέας: | |
|---|---|
| Μορφή: | Βιβλίο |
| Γλώσσα: | English |
| Δημοσίευση: |
New York :
Times Books,
c1977
|
| Θέματα: | |
| Ετικέτες: |
Προσθήκη ετικέτας
Δεν υπάρχουν, Καταχωρήστε ετικέτα πρώτοι!
|
MARC
| LEADER | 00000cam a2200000 i 4500 | ||
|---|---|---|---|
| 001 | 1/34363 | ||
| 008 | 950820s1977 eng d | ||
| 020 | |a 0812907345 | ||
| 035 | |l 10024103 | ||
| 040 | |a GR-MY-UA |b gre |e aacr | ||
| 041 | 0 | |a eng | |
| 082 | 0 | |a 327.20973 | |
| 100 | 1 | |a Stern, Laurence M. |q (Laurence Marcus) |d 1929- | |
| 245 | 1 | 4 | |a The wrong horse : |b the politics of intervention and the failure of American diplomacy / |c by Laurence Stern |
| 260 | |a New York : |b Times Books, |c c1977 | ||
| 300 | |a 170 p.; |c 22 cm | ||
| 500 | |a Includes index | ||
| 651 | 0 | |a United States |x Foreign relations |z Greece. | |
| 651 | 0 | |a Greece |x Foreign relations |z United States. | |
| 651 | 0 | |a United States |x Foreign relations |z Turkey. | |
| 651 | 0 | |a Turkey |x Foreign relations |z United States. | |
| 651 | 0 | |a Cyprus |x History |y Cyprus Crisis, 1963- | |
| 651 | 0 | |a Cyprus |x History |y Cyprus Crisis, 1974- | |
| 852 | |a INST |b CHIOS |e 19950820 |h 327.20973 STE |p 005200001149 |q 005200001149 |t BK |y 0 | ||
| 909 | |a Χ |b 015700 | ||